Actors who worked with Barry Jenkins - Statistics

General Stats
  • This quiz has been taken 22 times
    13 since last reset
  • The average score is 14 of 36
Answer Stats
Films Answer % Correct
Moonlight Mahershala Ali
100%
Mufasa: The Lion King Beyoncé
89%
Moonlight Naomie Harris
89%
Mufasa: The Lion King Donald Glover
67%
If Beale Street Could Talk Regina King
67%
Mufasa: The Lion King Seth Rogen
67%
Mufasa: The Lion King Billy Eichner
56%
Mufasa: The Lion King Blue Ivy Carter
56%
Moonlight Janelle Monáe
56%
Moonlight André Holland
44%
Moonlight Ashton Sanders
44%
Moonlight Jharrel Jerome
44%
If Beale Street Could Talk Kiki Layne
44%
Moonlight Trevante Rhodes
44%
Mufasa: The Lion King Aaron Pierre
33%
Moonlight Alex Hibbert
33%
If Beale Street Could Talk Colman Domingo
33%
If Beale Street Could Talk Dave Franco
33%
Mufasa: The Lion King Keith David
33%
Mufasa: The Lion King Kelvin Harrison Jr.
33%
Mufasa: The Lion King Mads Mikkelsen
33%
If Beale Street Could Talk Pedro Pascal
33%
If Beale Street Could Talk Stephen James
33%
If Beale Street Could Talk Teyonah Parris
33%
Mufasa: The Lion King Tiffany Boone
33%
If Beale Street Could Talk Aunjanue Ellis
22%
If Beale Street Could Talk Brian Tyree Henry
22%
If Beale Street Could Talk Diego Luna
22%
Mufasa: The Lion King John Kani
22%
Mufasa: The Lion King Preston Nyman
22%
If Beale Street Could Talk Finn Wittrock
11%
Moonlight Jaden Piner
11%
Mufasa: The Lion King Kagiso Lediga
11%
Mufasa: The Lion King Thandiwe Newton
11%
Medicine for Melancholy Tracey Heggins
11%
Medicine for Melancholy Wyatt Cenac
11%
No matching quizzes found
Score Distribution
Percent of People with Each Score
Percentile by Number Answered
Your Score History
You have not taken this quiz since the last reset